000 00610nam a2200265Ia 4500
005 20260121170159.0
008 008 260114s9999 xx 000 0 eng d
020 _a9783319679853
037 _aEBOOK
040 _aCRL
040 _beng
040 _cCRL
041 _2eng
041 _aeng
084 _qCRL
100 _aTim Daley
_91060776
245 2 _aA Play for Oil
260 _bSpringer
260 _bSpringer
260 _c2018
856 _uhttps://link.springer.com/openurl?genre=book&isbn=978-3-319-67985-3
942 _cEBOOK
999 _c1626505
_d1626505